Statistiken für Bezirke des Burgenlands mit Karte

Klicken Sie hier um das Quiz zu spielen!

Allgemein

  • Dieses Quiz wurde 101 mal gespielt
  • Das Durchschnittsergebnis liegt bei 6 aus 8

Antworten auf der Karte

Die Antworten werden auf der Karte rot bzw. grün angezeigt, abhängig davon wie oft sie richtig erraten wurden.
 

Antwortstatistiken

Bezirk% Korrekt
Eisenstadt und Rust
96%
Neusiedl am See
91%
Güssing
79%
Mattersburg
79%
Oberwart
79%
Oberpullendorf
73%
Jennersdorf
70%
Eisenstadt Umgebung
66%

Verteilung der Resultate

Perzentil nach korrekt beantworteten Fragen

Anzahl Personen mit jedem Resultat

Ihre Resultats-Entwicklung

Sie haben dieses Quiz noch nicht gespielt